Cuando lo que habita es el goce /
Сохранить в:
| Главный автор: | |
|---|---|
| Формат: | Текст |
| Предметы: | |
| Метки: |
Добавить метку
Нет меток, Требуется 1-ая метка записи!
|
MARC
| LEADER | 00000 a a2200000 04500 | ||
|---|---|---|---|
| 001 | 8744 | ||
| 003 | |||
| 040 | |||
| 100 | |a Vul, Mónica | ||
| 245 | |a Cuando lo que habita es el goce / |c Mónica Vul | ||
| 650 | |a VIOLENCIA | ||
| 650 | |a ADOLESCENTES | ||
| 650 | |a PSICOANALISIS | ||
| 650 | |a ESTADOS UNIDOS | ||
| 773 | |g número 12; páginas 69-78 | ||
| 999 | |c 20229 |d 20229 | ||
